00314nam a2200133Ia 4500008004100000041001200041082002100053100002200074245002600096250001300122260002700135300000800162650001000170231217s9999 xx 000 0 und d aEnglish a001.6424BAS CHA aCharles, Joseph J 0aTimex sinclair: Basic a1st ed.  c1983bHayden, N Jersey a182 aTimex